| 000 | 06233namaa22004091i 4500 | ||
|---|---|---|---|
| 003 | OSt | ||
| 005 | 20260117121122.0 | ||
| 008 | 250827s2024 ua a|||frm||| 000 0 eng d | ||
| 040 |
_aEG-GICUC _bara _cEG-GICUC _dEG-GICUC _erda |
||
| 041 | 0 |
_aara _bara _beng |
|
| 049 | _aإيداع | ||
| 082 | 0 | 4 | _a347 |
| 092 |
_a347 _221 |
||
| 097 | _aدكتوراه | ||
| 099 | _aCai01.04.06.Ph.D.2024.أي.ت | ||
| 100 | 0 |
_a،أيمن عواد سيد رفاعي _eإعداد. |
|
| 245 | 1 | 0 |
_aتزاحم سندات الملكية وتعارضها في مجال تسجيل الحقوق العينية العقارية / _cإعداد أيمن عواد سيد رفاعي؛ إشراف أ. د. حسن عبدالباسط جميعي. |
| 246 | 1 | 5 | _aCompeting and contradicting between title deeds in real estate registration / |
| 264 | 0 | _c2024. | |
| 300 |
_a415 صفحة : _bإيضاحيات ؛ _c30 cm. + _eCD. |
||
| 336 |
_atext _2rda content |
||
| 337 |
_aUnmediated _2rdamedia |
||
| 338 |
_avolume _2rdacarrier |
||
| 502 | _aأطروحة (دكتوراه)-جامعة القاهرة، 2024. | ||
| 504 | _aببليوجرافيا: صفحات 393-410. | ||
| 520 | _aلقد تطورت التشريعات المُنظمة لتسجيل الملكية العقارية، وتطورت الجهات التي عُهد غليها بهذا التسجيل، وهو ما ترتب عليه امكانية وجود أكثر من مُحرَّر مُشهر كلٍ منها في جهة من الجهات التي عهد إليها بالتسجيل. وبالتالي أصبح هناك حاجة مُلحة لمعالجة هذه الاشكالية، وذلك بتحديد أحكام مُنظمة لكيفية المُفاضلة بين المُحرَّرات المُشهرة بعضُها البعض. هذا وقد تناولت هذه الدراسة النظُم القانونية المُختلفة للشهر العقاري وتناولها فيها نظام الشهر الشخصي تناولت كذلك تنظيم إجراءات الشهر في المُجتمعات العُمرانية الجديدة. ثُمَّ تناولنا بعد ذلك إجراءات شهر أسباب كسب الملكية العقارية الخاصة وتناولنا فيها الأحكام واجبة الشهر والعقود واجبة الشهر. وقد تناولت الرسالة وسائل حماية الملكية العقارية، ثُمَّ تناولنا الترجيح والمُفاضلة بين المُحرَّرات المُشهرة وتناولنا فيها الترجيح عند صدور التصرف في العقار من ذات الشخص لمشترين مُتعاقبين زمانيًا. وتناولنا كذلك حالة التصرُّف في العقار محل المُفاضلة من متصرفين مُختلفين. وتناولت الرسالة كيفية إعمال أحكام المُفاضلة، وأهتمت بأثر حسن النية في عملية التسجيل، ومتى يُؤثر حسن النية في عملية التسجيل وأثر ذلك في إعمال قواعد المُفاضلة. كما تناولت الرسالة الأثر الرجعي للملكي وكيفية اتفاق إعمال أحكام الأثر الرجعي للملكية مع القواعد العامة وإعمالها. وأخيرًا تناولت الرسالة أحكام المسئولية المدنية عن أحكام العاملون بأعمال المُفاضلة وكيفية تعويض المضرور عنها وطبيعة التعويض وأحكامه. وتناولت في إعداد الرسالة المنهج التحليلي الذي لا يقتصر على وصف الظاهرة بل يتعداها إلى التحليل، كما اتبع المنهج التطبيقي وذلك بالربط بين الدراسة التحليلية والتطبيق العملي. | ||
| 520 | _aA Study of Ranking and Protecting Ownership In the field of registering real rights, there is often competition and contradiction between title deeds. As real estate registration laws and competent authorities have evolved, it has become possible for more than one document to be registered, each with a different registration authority. This has led to the need for solutions to address these problems, particularly in developing rules for ranking publicized documents. This study examines the different legal systems of real estate registration, including personal real estate publication and the new urban publication system. It also discusses the procedures for publicizing the causes for acquisition of private property ownership, such as mandatory registration of judicial decisions and contracts. The thesis also addresses means of protecting real estate ownership including the ranking and judging of publicized documents. This includes considering the most acceptable transaction in cases where property is transferred from one person to several persons in chronological sequence. We also addressed the case of disposing of a property, which is subject to ranking, from different disposers. Additionally, the thesis highlights the rules for applying ranking, particularly the importance of bona fide contributions to the registration process and how they affect the ranking process. The retroactive effect of ownership is also addressed, including how the implementation of this provision is consistent with general rules and their implementation. | ||
| 530 | _aصدر أيضًا كقرص مدمج. | ||
| 546 | _aالنص بالعربية والملخص باللغة الإنجليزية والعربية. | ||
| 650 | 7 |
_aالقانون المدني _2qrmak |
|
| 653 | 0 |
_aالشهر العقاري _aالسجل العيني _aالتسجيل _aسند الملكية |
|
| 700 | 0 |
_aحسن عبدالباسط جميعي _eمشرف أطروحة. |
|
| 900 |
_b16-11-2024 _cحسن عبدالباسط جميعي _dعبد الهادي فوزي العوضي _dجمال عبد الرحمن محمد علي _Uجامعة القاهرة _Fكلية الحقـوق _Dقسم القانون المدني |
||
| 905 |
_aSara _eAfaf |
||
| 942 |
_2ddc _cTH _e21 _n0 |
||
| 999 | _c177227 | ||